000 00325nam a22001457a 4500
008 230428b ||||| |||| 00| 0 eng d
020 _a084441056
041 _aeng
080 _a34
082 _a34
100 _a31
101 _aJURED
245 _aREADING PUBLISHING IN TE COLD WAR
_cANGHELESCU.B.G.H
942 _2udc
_cBK
999 _c59638
_d59638